| Поле | Инд. | ПП | Название | Значение |
|---|---|---|---|---|
| Тип записи | a | |||
| Библиографический уровень | m | |||
| 001 | _ | Контрольный номер | RU\infra-m\znanium\bibl\1832157 | |
| 005 | _ | Дата корректировки | 20250915104052.1 | |
| 008 | Кодируемые данные | 210810s2021 RU g rus u | ||
| 020 | a | ISBN | 978-5-16-014519-8 | |
| 020 | a | ISBN | 978-5-16-108226-3 | |
| 040 | a | Служба первич. каталог. | Общество с ограниченной ответственностью «ЗНАНИУМ» | |
| 041 | a | Код языка текста | rus | |
| 044 | a | Код страны публикации | RU | |
| 080 | a | Индекс УДК | [93/94+327](075.4) | |
| 084 | 2 | Источник индекса | rubbk | |
| a | Индекс другой классификации/Индекс ББК | 63.3:66.4 | ||
| 084 | 2 | Источник индекса | okso | |
| a | Индекс другой классификации/Индекс ББК | 41.04.04 | ||
| 084 | 2 | Источник индекса | okso | |
| a | Индекс другой классификации/Индекс ББК | 41.04.05 | ||
| 084 | 2 | Источник индекса | okso | |
| a | Индекс другой классификации/Индекс ББК | 41.06.01 | ||
| 100 | 1_ | a | Автор | Терновая Людмила Олеговна |
| q | Полное имя | Людмила Олеговна | ||
| 245 | a | Заглавие | Источники изучения международных отношений: проекция во времени и вечности | |
| b | Продолж. заглавия | Монография | ||
| c | Ответственность | Московский автомобильно-дорожный государственный технический университет | ||
| 250 | a | Основные сведения об издании | 1 | |
| 260 | a | Место издания | Москва | |
| b | Издательство | ООО "Научно-издательский центр ИНФРА-М" | ||
| c | Дата издания | 2022 | ||
| 300 | a | Объем | 341 с. | |
| 520 | a | Аннотация | Международные отношения развиваются на пересечении политического времени в истории и исторического — в политике. Одновременно они раскрываются как специфический текст, в котором правда соединяется с вымыслом. Понять, где в изложении событий международной жизни содержится правда, а где — скрывается ложь, помогают разнообразные источники. В монографии рассказывается как о традиционных источниках изучения внешней политики государств и политики мировой, так и об источниках, которые могут быть отнесены к нетрадиционным, позволяющим приблизить реалии международной жизни в их повседневном смысле. | |
| 521 | a | Примеч. о целев. назн. | Дополнительное профессиональное образование | |
| 650 | a | Основная рубрика | Политика. Социология | |
| x | Основная подрубрика | Международные отношения | ||
| 852 | x | Примечание, не предназначенное для пользователя | znanium2022 | |
| 856 | 4_ | a | Имя сервера/домена | znanium.com |
| m | Помощь | ebs_support@infra-m.ru | ||
| n | Местонахождение сервера | НИЦ ИНФРА-М | ||
| u | URL | http://znanium.com/catalog/document?id=385004 | ||
| z | Примечание для пользователя | Участвует в КО | ||
| 856 | 41 | a | Имя сервера/домена | znanium.com |
| d | Путь | /cover/1832 | ||
| f | Электронное имя | 1832157.jpg | ||
| q | Тип электронного формата | image/jpeg | ||
| u | URL | https://znanium.com/cover/1832/1832157.jpg |